000 00388 a2200121 4500
020 _a8123914369
082 _a624.151 SRI
100 _aSridharan, A.
245 _aGeotechnical Engineering Characterisation of Coal Ashes
_cA. Sridharan, K. Prakash
260 _aNew Delhi :
_bCBS Publishers and Distributors,
_c2007
300 _aix, 137p. :
_bill. ;
_c25 cm
650 _aGeotechnical engineering
650 _aCoal Ashes
999 _c983
_d983